Capital movements, Tobin tax, and permanent fire prevention (Registro nro. 29176)
[ vista simple ]
| 000 -LEADER | |
|---|---|
| fixed length control field | 00366 a2200109 4500 |
| 001 - CONTROL NUMBER | |
| control field | ART_44198 |
| 005 - DATE AND TIME OF LATEST TRANSACTION | |
| control field | 20260410161937.0 |
| 008 - FIXED-LENGTH DATA ELEMENTS--GENERAL INFORMATION | |
| fixed length control field | 260409a |
| 100 1# - MAIN ENTRY--PERSONAL NAME | |
| Personal name | Davidson, Paul |
| 245 10 - TITLE STATEMENT | |
| Title | Capital movements, Tobin tax, and permanent fire prevention |
| 773 0# - HOST ITEM ENTRY | |
| Title | Journal of post Keynesian economics |
| Related parts | - Vol. 22, Nº 2 (dic.1999/mar.2000) |
| Record control number | REV26226 |
No hay ítems disponibles.